000 00851nam a22002297a 4500
999 _c56807
_d56807
003
005 20191106120938.0
008 190501c2019 ge ||||| |||| 00| 0 geo d
022 _a19875045
040 _c
041 _ageo
080 _a
245 _aკარიბჭე :
_b2019 /
_cმთ. რედ. მამაცაშვილი თ.
260 _aთბილისი :
_bკოლორი,
_c2019.
300 _aV.
600 _aმართლმადიდებლობა
_9585
653 _aმართლმადიდებლობა
653 _aპერიოდიკა
653 _aკარიბჭე № 5(364), 25 აპრილი-29 მაისი, 2019.
700 _aმაცაცაშვილი, თამარ
_eმთავარი რედაქტორი
_9586
942 _2udc
_cCR